История знаменитых путешествий и путешественников. [Т. 1]: Открытие материка (Запись № 4525953)

Подробности
000 -МАРКЕР
контрольное поле 01467nam2a22003011 4500
001 - ИДЕНТИФИКАТОР ЗАПИСИ
контрольное поле v19\rc\1633740
005 - ИДЕНТИФИКАТОР ВЕРСИИ
контрольное поле 20160204162559.0
035 ## - ДРУГИЕ СИСТЕМНЫЕ НОМЕРА
Идентификатор записи (NLR Aleph) 004748450
100 ## - ДАННЫЕ ОБЩЕЙ ОБРАБОТКИ
Данные общей обработки 20061002f18261917|||y0rusy50 ca
101 1# - ЯЗЫК РЕСУРСА
Язык текста, звукозаписи и т.д. русский
Язык оригинала французский
102 ## - СТРАНА ПУБЛИКАЦИИ ИЛИ ПРОИЗВОДСТВА
Страна публикации Российская Федерация
105 ## - ПОЛЕ КОДИРОВАННЫХ ДАННЫХ: ТЕКСТОВЫЕ МАТЕРИАЛЫ, МОНОГРАФИЧЕСКИЕ
Кодированные данные о монографическом текстовом документе ac z |||||
200 1# - ЗАГЛАВИЕ И СВЕДЕНИЯ ОБ ОТВЕТСТВЕННОСТИ
Основное заглавие Открытие материка
Сведения, относящиеся к заглавию С 59 рис. Л. Бенетта и Филиппото и 58 факс. с соврем. грав.
215 ## - ФИЗИЧЕСКАЯ ХАРАКТЕРИСТИКА
Специфическое обозначение материала и объем [6], 502, VII с.
Другие сведения о физической характеристике фронт. ил., портр.
461 #0 - УРОВЕНЬ НАБОРА
Встроенное поле 001v19\rc\1633739
-- 2001#$aИстория знаменитых путешествий и путешественников$fСоч. Жюля Верна$v[Т. 1]
-- 700#1$aВерн$bЖ.$f1828-1905$gЖюль
Системный номер (АБИС) связанной записи 4525950
Автор Верн, Ж. (1828-1905)
Место публикации Санкт-Петербург
Дата публикации 19??
Издание 2-е изд. [Т. 2]
Первые сведения об ответственности Соч. Жюля Верна
Имя издателя, распространителя и т.д. т-во М.О. Вольф
Заглавие История знаменитых путешествий и путешественников
Номер тома [Т. 1]
464 #0 - АНАЛИТИЧЕСКИЙ УРОВЕНЬ
Встроенное поле 702#1$aБенетт$bЛ.$gЛеон$4440
-- 702#1$aФилиппото$bП. Д.$gПоль Доминик$f1846-1923$cхудожник$3RU\NLR\AUTH\770154199$4440
801 #0 - ИСТОЧНИК ЗАПИСИ
Страна Российская Федерация
Организация NLR
Правила каталогизации psbo
801 #0 - ИСТОЧНИК ЗАПИСИ
Страна Российская Федерация
Организация RuMoRGB
Источник данных psbo
801 #1 - ИСТОЧНИК ЗАПИСИ
Страна Российская Федерация
Организация ProSoft-M
Источник данных rusmarc
852 ## - МЕСТОНАХОЖДЕНИЕ И ШИФР ХРАНЕНИЯ
Идентификатор организации NLR
Шифр хранения (Call Number) Дл02/Б-7/15
899 ## - ДАННЫЕ О МЕСТОНАХОЖДЕНИИ (устаревшее)
Местонахождение RuMoRGB
Шифр хранения A 88/398
899 ## - ДАННЫЕ О МЕСТОНАХОЖДЕНИИ (устаревшее)
Местонахождение RuMoRGB
Шифр хранения U 35/891
899 ## - ДАННЫЕ О МЕСТОНАХОЖДЕНИИ (устаревшее)
Местонахождение БАН
899 ## - ДАННЫЕ О МЕСТОНАХОЖДЕНИИ (устаревшее)
Местонахождение НБ МГУ
942 ## - ДОПОЛНИТЕЛЬНЫЕ ЭЛЕМЕНТЫ ЗАПИСИ (АБИС)
Тип экземпляра АБИС Книга
980 ## - КОЛЛЕКЦИЯ
Название коллекции Национальная библиография
Экземпляры
Тип экземпляра Дата поступления Библиотека постоянного хранения Библиотека текущего хранения Место хранения Шифр хранения Штрих-код Статус экземпляра
Книга 26.10.2013 РНБ (Московский) РНБ (Московский) Неопределен, для заказа не доступен, в ЭК виден   4748450-40  
Книга 26.10.2013 РНБ (Московский) РНБ (Московский) Неопределен, для заказа не доступен, в ЭК виден   4748450-50  
Книга 26.10.2013 РНБ (Садовая) РНБ (Садовая) Русский книжный фонд -Главное здание, Ленинский читальный зал Дл02 Б-7/15 4748450-10